000 00816nmm a2200265 a 4500
001 ocm000700906
003 TR-IsHL
005 20201028131748.0
008 131028s1994 tu tur
007 cr cn
035 _a700906
_b(N$T)
050 0 4 _aHG3753
_b.F33 1994
090 0 4 _aHG3753
_b.F33 1994
245 1 0 _aFactoring
_h[electronic resource] /
_chaz. F. Arzu Aydın
250 _a1. bs.
260 _aİstanbul :
_bİstanbul Ticaret Odası,
_c1994
300 _a40 p.
650 4 _aEkonomi ve Finans
650 4 _aEconomics and Finance
650 0 _aFactoring (Maliye)
650 0 _aFactoring (Finance)
650 7 _aBUSINESS & ECONOMICS / Finance
_2bisacsh
700 1 _aAydın, F. Arzu
856 4 0 _uhttp://search.ebscohost.com/login.aspx?direct=true&scope=site&db=e011xww&AN=700906
999 _c4736
_d4736